Циркуляры Муравьева М. Н. попечителю Виленского учебного округа о необходимости составления нового учебника по истории Западного...

RUSMARC
00007304cbc2a2200277#x 450
00107fe1fa9-1f90-4563-bd34-629ae4851583
00520230523165037.0
100##$a20160331l18651865k y0rusy50 ca
1010#$arus
102##$aRU
105##$ay j |||||
1222#$ad18650227##
$ad18650316##
2001#$aЦиркуляры Муравьева М. Н. попечителю Виленского учебного округа о необходимости составления нового учебника по истории Западного края, как меры борьбы с польско-католической пропагандой, об изъятии из Виленского исторического музея экспонатов, касающихся истории польского народа
$e27 февраля - 16 марта 1865
$j1865
215##$a4 листа
251##$cДело
300##$aЗаголовок дела на папке: Циркуляры Муравьева М. Н. попечителю Виленского учебного округа
300##$aРукописный текст. Чернила
324##$aКопии
330##$aВходит в раздел описи: Документальные материалы, отложившиеся в результате служебной деятельности Муравьева М. Н.
461#0$1001c2c6c6a4-a01e-4d13-acb7-e6a0c9078d03
$12001
$aМУРАВЬЕВ МИХАИЛ НИКОЛАЕВИЧ, ГРАФ, ГЕНЕРАЛ ОТ ИНФАНТЕРИИ, ДИРЕКТОР ДЕПАРТАМЕНТА РАЗНЫХ ПОДАТЕЙ И СБОРОВ, ЧЛЕН ГОСУДАРСТВЕННОГО СОВЕТА, МИНИСТР ГОСУДАРСТВЕННЫХ ИМУЩЕСТВ (1857-1862 гг.), ВОЕННЫЙ ГЕНЕРАЛ-ГУБЕРНАТОР ВИЛЕНСКОЙ ГУБЕРНИИ (1863 г.)
$1251
$cФонд
$1852
$j811
462#0$100164fda34d-2ca7-44fe-ab14-22f23de5401d
$12001
$aОпись дел фонда М. Н. Муравьева за 1825-1897 гг.
$vД. 56
$1251
$cОпись
$1852
$j1
5171#$aЦиркуляры Муравьева М. Н. попечителю Виленского учебного округа
600#1$aМуравьев
$bМ.Н.
$f1796 – 1866
$gМихаил Николаевич
$jДокументы и материалы
$2prlib_sh
$3LIBNET\UAF\0000064177
$xДеятельность
801#0$aRU
$bGA_RF
801#1$aRU
$bНПО Опыт
$c20160331
$2rusmarc
801#2$aRU
$bПБ им. Б.Н. Ельцина
$c20160608
$gRCR
$2rusmarc
852##$aГА РФ
$j56
937##$d76546460
$hПБ
035##$aRuPRLIB51037678
605##$2acquisition_Prlib
$3DITM\AF\0000002775
$aВласть
$lколлекция
605##$aТерритория
$lколлекция
$2acquisition_Prlib
$3DITM\AF\0000004675
605##$aМ. Н. Муравьев
$lколлекция
$2acquisition_Prlib
$3LIBNET\UAF\0000064007
605##$aРоссия - Беларусь: из истории взаимоотношений
$lколлекция
$2acquisition_Prlib
$3LIBNET\UAF\0000107215
607##$2nlr_sh
$3RU\NLR\AUTH\661429897
$aРоссия
$jДокументы и материалы
$xПолитика и управление
$yСеверо-Западный край
$z2-я пол. 19 в.
686##$2rubbk
$a63.3(2)52ю1
$vLBC/M
686##$a63.3(28-8Вил)52ю1
$vLBC/M
$2rubbk
617##$2prlib_sh
$cВиленская губерния
617##$2prlib_sh
$aБелоруссия
617##$aЛитва
$2prlib_sh
6061#$2prlib_sh
$3LIBNET\UAF\0000064110
$aНародное образование
$jДокументы и материалы
$yВиленская губерния
6061#$2nlr_sh
$3RU\NLR\AUTH\661452685
$aНациональная политика
$jДокументы и материалы
$yРоссия
$yЗапад
$z1863 - 1905
8564#$uhttp://www.prlib.ru/Lib/pages/item.aspx?itemid=141236
Формат отображения